Welcome to CU Library Online Public Access Catalogue (OPAC)

Community care for nurses and the caring professions / (Record no. 2871)

MARC details
000 -LEADER
fixed length control field 00769cam a2200241 a 4500
001 - CONTROL NUMBER
control field 1199924
005 - DATE AND TIME OF LATEST TRANSACTION
control field 20250123081804.0
008 - FIXED-LENGTH DATA ELEMENTS--GENERAL INFORMATION
fixed length control field 980811s1999 enk b 001 0 eng
020 ## - INTERNATIONAL STANDARD BOOK NUMBER
International Standard Book Number 9780335196708
020 ## - INTERNATIONAL STANDARD BOOK NUMBER
International Standard Book Number 0335196705 (pbk.)
050 00 - LIBRARY OF CONGRESS CALL NUMBER
Classification number RA427
Item number .C614 1999
082 00 - DEWEY DECIMAL CLASSIFICATION NUMBER
Classification number 362.1/2
Edition information 21
100 ## - MAIN ENTRY--PERSONAL NAME
Personal name Malin, Nigel
245 00 - TITLE STATEMENT
Title Community care for nurses and the caring professions /
Statement of responsibility, etc. Nigel Malin ... [et al.].
260 ## - PUBLICATION, DISTRIBUTION, ETC.
Place of publication, distribution, etc. Buckingham ;
-- Philadelphia, Pa. :
Name of publisher, distributor, etc. Open University Press,
Date of publication, distribution, etc. 2000.
300 ## - PHYSICAL DESCRIPTION
Extent ix, 206 p. ;
Dimensions 25 cm.
440 #0 - SERIES STATEMENT/ADDED ENTRY--TITLE
Title Social science for nurses and the caring professions
650 #0 - SUBJECT ADDED ENTRY--TOPICAL TERM
Topical term or geographic name entry element Community health services.
650 #0 - SUBJECT ADDED ENTRY--TOPICAL TERM
Topical term or geographic name entry element Community health nursing.
650 #0 - SUBJECT ADDED ENTRY--TOPICAL TERM
Topical term or geographic name entry element Human services.
700 1# - ADDED ENTRY--PERSONAL NAME
Personal name Malin, Nigel.
942 ## - ADDED ENTRY ELEMENTS (KOHA)
Source of classification or shelving scheme Library of Congress Classification
Koha item type Books
Suppress in OPAC No
999 ## -
-- 2871
-- 2871
Holdings
Withdrawn status Lost status Source of classification or shelving scheme Damaged status Not for loan Collection Home library Current library Shelving location Date acquired Total checkouts Full call number Barcode Date last seen Copy number Price effective from Koha item type
    Library of Congress Classification     Non-fiction Science Library (Miotso) Science Library (Miotso) General stacks 01/23/2025   RA427 .C614 MAL SLM00002227 01/23/2025 1 01/23/2025 Books
    Library of Congress Classification     Non-fiction Science Library (Miotso) Science Library (Miotso) General stacks 01/23/2025   RA427 .C614 MAL SLM00002228 01/23/2025 2 01/23/2025 Books
    Library of Congress Classification     Non-fiction Science Library (Miotso) Science Library (Miotso) General stacks 01/23/2025   RA427 .C614 MAL SLM00002229 01/23/2025 3 01/23/2025 Books
    Library of Congress Classification     Non-fiction Science Library (Miotso) Science Library (Miotso) General stacks 01/23/2025   RA427 .C614 MAL SLM00002230 01/23/2025 4 01/23/2025 Books
© 2023-2024 Copyright: Central University Libraries. All Rights Reserved | Created by: Mahone Tech Office